[Event "Abierto Internacional Carlos I"]
[Site "Hotel Carlos I (Sanxenxo)"]
[Date "2009.06.28"]
[Round "9.6"]
[White "Lasinskas, Povilas"]
[Black "Guerra Bastida, Diego"]
[Result "1-0"]
[WhiteElo "2242"]
[BlackElo "2420"]
[PlyCount "135"]
[EventDate "2009.06.20"]

1. d4 e6 2. c4 f5 3. g3 Nf6 4. Bg2 d5 5. Nh3 c6 6. O-O Bd6 7. b3 O-O 8. Ba3
Bxa3 9. Nxa3 b6 10. Nf4 Qe7 11. Nc2 Ba6 12. Ne3 Ne4 13. Qc2 Rc8 14. Qb2 Nd7 15.
Nd3 Qf6 16. Rac1 c5 17. Ne5 Nxe5 18. dxe5 Qf7 19. f3 Ng5 20. h4 f4 21. hxg5
fxe3 22. cxd5 exd5 23. f4 d4 24. Be4 Rd8 25. Qc2 Qh5 26. Rce1 Rab8 27. Kg2 Bb7
28. Bxb7 Rxb7 29. Rh1 Qg6 30. Qxg6 hxg6 31. Kf3 b5 32. Rc1 Rc7 33. Ke4 Kf7 34.
Rhd1 a5 35. g4 Rcc8 36. f5 Ke7 37. Rh1 c4 38. bxc4 Rxc4 39. Rhd1 Rdc8 40. Rxc4
bxc4 41. Rc1 d3 42. Kxe3 dxe2 43. Kxe2 Rc5 44. Kf3 gxf5 45. gxf5 Rxe5 46. Rxc4
Rxf5+ 47. Kg4 Rb5 48. Rc7+ Kf8 49. Kh5 Rb2 50. a4 Rb4 51. Ra7 Rxa4 52. Kg6 Re4
53. Rxa5 Re6+ 54. Kh7 g6 55. Ra8+ Kf7 56. Ra2 Rc6 57. Rf2+ Ke7 58. Kg7 Ra6 59.
Rf6 Ra8 60. Kxg6 Rg8+ 61. Kh6 Ra8 62. Rf1 Ra2 63. Kg7 Ke6 64. g6 Rg2 65. Kh7
Ke7 66. Kg7 Re2 67. Rh1 Re6 68. Kh7 1-0

[Event "Abierto Internacional Carlos I"]
[Site "Hotel Carlos I (Sanxenxo)"]
[Date "2009.06.28"]
[Round "9.7"]
[White "Bolhari, Orfeh"]
[Black "Rodriguez Lopez, Rafael"]
[Result "0-1"]
[WhiteElo "2127"]
[BlackElo "2299"]
[PlyCount "100"]
[EventDate "2009.06.20"]

1. e4 c6 2. d4 d5 3. f3 e6 4. Nc3 Qb6 5. Nge2 Nf6 6. Ng3 Be7 7. Rb1 O-O 8. Bg5
h6 9. Be3 c5 10. Qd2 dxe4 11. Ncxe4 Nbd7 12. Bc4 cxd4 13. Bxd4 Qc7 14. Bb3 a5
15. a4 Rd8 16. Qf2 Nxe4 17. Nxe4 b6 18. O-O Ba6 19. Rfe1 Nc5 20. Nxc5 bxc5 21.
Be5 Bd6 22. Bxd6 Rxd6 23. c3 Bd3 24. Bc2 Rad8 25. Bxd3 Rxd3 26. Re3 c4 27. Rxd3
cxd3 28. Rd1 Qc6 29. Qh4 Qb6+ 30. Kf1 Rd5 31. b4 axb4 32. Qxb4 Qe3 33. Qe4 Qb6
34. Qb4 Qc7 35. h3 Qe5 36. Re1 Qh2 37. Qb6 d2 38. Rd1 Qf4 39. Qb4 Qe3 40. Qb8+
Kh7 41. Qb1+ f5 42. Qc2 Kg6 43. a5 e5 44. Qb3 Qd3+ 45. Kg1 e4 46. fxe4 fxe4 47.
Qb6+ Kh7 48. c4 e3 49. cxd5 e2 50. Qb1 Qxb1 0-1

[Event "Abierto Internacional Carlos I"]
[Site "Hotel Carlos I (Sanxenxo)"]
[Date "2009.06.28"]
[Round "9.8"]
[White "Aguera Naredo, Javier"]
[Black "Faber, Michel"]
[Result "1/2-1/2"]
[WhiteElo "2380"]
[BlackElo "2246"]
[PlyCount "35"]
[EventDate "2009.06.20"]

1. e4 c5 2. Nf3 Nc6 3. d4 cxd4 4. Nxd4 Nf6 5. Nc3 d6 6. Bc4 Qb6 7. Nxc6 bxc6 8.
O-O g6 9. Be3 Qc7 10. Qd2 Ng4 11. Bg5 Bg7 12. Bb3 O-O 13. h3 Nf6 14. f4 Bb7 15.
f5 c5 16. Bxf6 Bxf6 17. Nd5 Bd4+ 18. Qxd4 1/2-1/2

[Event "Abierto Internacional Carlos I"]
[Site "Hotel Carlos I (Sanxenxo)"]
[Date "2009.06.28"]
[Round "9.9"]
[White "Alvarez Fernandez, Enrique"]
[Black "Senlle Caride, Miguel"]
[Result "1/2-1/2"]
[WhiteElo "2376"]
[BlackElo "2155"]
[PlyCount "78"]
[EventDate "2009.06.20"]

1. d4 d6 2. Bf4 Nf6 3. h3 g6 4. e3 Bg7 5. Nf3 O-O 6. Be2 Nfd7 7. O-O e5 8. Bh2
f5 9. c4 Nc6 10. Nc3 g5 11. Rc1 g4 12. hxg4 fxg4 13. Nd2 exd4 14. exd4 Nxd4 15.
Bxg4 Ne5 16. Bxc8 Rxc8 17. Ne2 Ng4 18. Nxd4 Nxh2 19. Kxh2 Qh4+ 20. Kg1 Qxd4 21.
b3 Rce8 22. Nf3 Qxd1 23. Rfxd1 b6 24. b4 Re2 25. c5 dxc5 26. bxc5 Rf7 27. a4
Bf8 28. cxb6 axb6 29. Rd8 Kg7 30. Nd4 Re4 31. f3 Re5 32. Kf1 Bc5 33. Re1 Rxe1+
34. Kxe1 Kf6 35. Nb3 Bd6 36. Kf2 Ke7 37. Ra8 Rf4 38. Nd2 Bc5+ 39. Kg3 Bd6
1/2-1/2

[Event "Abierto Internacional Carlos I"]
[Site "Hotel Carlos I (Sanxenxo)"]
[Date "2009.06.28"]
[Round "9.10"]
[White "Adrian, Claude"]
[Black "Adams, Philip"]
[Result "1/2-1/2"]
[WhiteElo "2292"]
[BlackElo "2154"]
[PlyCount "61"]
[EventDate "2009.06.20"]

1. Nf3 e6 2. c4 d5 3. d4 c6 4. g3 f5 5. Bg2 Nf6 6. O-O Bd6 7. Nc3 O-O 8. Bf4
Bxf4 9. gxf4 Ne4 10. e3 Nd7 11. Ne2 Qe7 12. Rc1 Kh8 13. Ng3 Ndf6 14. Ne5 Bd7
15. f3 Nd6 16. Kh1 Nxc4 17. Nxc4 dxc4 18. Rxc4 Nd5 19. Qd2 Qh4 20. Rg1 Rf6 21.
Bf1 Rh6 22. Rc2 Rg8 23. Bc4 g5 24. Nf1 gxf4 25. Rxg8+ Kxg8 26. Bxd5 exd5 27.
exf4 Rg6 28. Qe3 Qh3 29. Qf2 Qh6 30. Qe3 Qh3 31. Qf2 1/2-1/2